000 00468nam a2200181Ia 4500
003 LK-CoDNM
008 010623t2000 xxu||||| |||| 00| 1 sin d
040 _aLK-CoDNM
_dLK-CoDNM
_eLK-CoDNM
041 _asin
080 _a8-3
_bPAN
100 _aMunidasa, Hemapala
_radp
245 _aපංච තන්ත්‍රය
246 _aPancha thantraya
260 _bM.D.Gunasena
_aColombo
_c2000
300 _b(xx)388, 18.5 cm
650 _aLiterature
942 _cBK
999 _c120430
_d120430